000 00551nam a2200229Ia 4500
003 OSt
005 20221005121932.0
006 a|||||r|||| 00| 0
007 ta
008 221004b |||||||| |||| 00| 0 eng d
024 _a57199
037 _cTextual
040 _aCRL
_cCRL
_beng
041 _2eng
_aeng
082 _aV2:1:N5, G0
100 _aRanga Iyer C S
_9630969
245 0 _aIndia peace or war?
260 _c1930
650 _aHISTORY
942 _hV2:1:N5, G0
_cTEXL
_2cc
999 _c1042757
_d1042757